=LDR 00000nam 2200000 4500 =001 INLIS000000000034075 =005 20200227110322 =035 ##$$a 0010-061300000034075 =008 200227###########################0#ind## =041 ##$$a ind =082 ##$$a 153. 3 =090 ##$$a 153. 3, Hus k =100 ##$$a Husnul M, Ade =245 1#$$a Kreativitas permainan, Ade Husnul M., penyuting , Tim Rigina =260 ##$$a 2008 :$b Bogor =300 ##$$a iv,58 hlm, ilus, 21 cm =650 #4$$a kecedasan dan Keterampilan =650 #4$$a Tim Regina =850 ##$$a NBPNMAT